The spiritual background of early Islam : Studies in ancient Arab concepts /

محفوظ في:

المؤلف الرئيسي: Bravmann, Meir M. (مؤلف)

التنسيق: كتاب

اللغة: English

منشور في: Leiden : Brill, 1972.

الموضوعات:

الوسوم: إضافة وسم

لا توجد وسوم, كن أول من يضع وسما على هذه التسجيلة!

رقم الطلب: BP163 .B62 1972

LEADER 00783nam a2200265 4500
001 9523
003 OSt
005 20250925074408.0
008 130303s1972 ne b 001 0 eng d
010 |a 73154917 
015 |a Ne72-22 
040 |c ARCE Library 
043 |a ar----- 
050 4 |a BP163 .B62 1972 
100 1 |a Bravmann, Meir M.,   |e author  |9 27239 
245 1 4 |a The spiritual background of early Islam :  |b Studies in ancient Arab concepts /  |c By M. M. Bravmann. 
264 1 |a Leiden :   |b Brill,   |c 1972. 
300 |a vi, 336 pages ;   |c 25 cm. 
504 |a Includes bibliographical references and index. 
650 0 |a Islam. 
650 0 |a Islam  |x Terminology. 
651 0 |a Arabian Peninsula  |x Social life and customs. 
901 |a reviewed 
942 |c BK  |2 lcc 
999 |c 13653  |d 13653